Personnages de LOU! par images - Statistiques

Statistiques générales
  • Ce quiz a été pris 13 fois
  • Le résultat moyen est 10 sur 21
Statistiques - réponses
Par images Réponse % Correct
Lou
100%
La mamie de Lou
85%
Mina
85%
Tristan
85%
La mère de Lou
77%
Le chat
69%
Paul
69%
Richard
69%
Gino
62%
Marie-Émilie
54%
Clément Fifrelin
38%
Jean-Jean
38%
Karine
38%
Mister Juice
31%
Denise Chiourme
23%
Docteur Finkerstein
23%
Arcimboldo Parmentier
15%
Henri Garsillac
15%
Manolo et Preston
15%
Sophie Garsillac
15%
Balthazar Chassagne
8%
Aucun quiz correspondant
Distribution des résultats
% des personnes avec chaque résultat
Percentile par nombre de réponses
Votre historique - résultats
Vous n’avez pas pris ce quiz